Specifika podnikatelské činnosti v Rusku exkurz do dějin podnikatelství v Rusku

Druhá časť historického exkurzu do dejín podnikania v Rusku. Vývoj podnikania, predovšetkým obchodu, od doby vlády cára Petra I (1690-1725) do konca 18. storočia. Historicko-lingvistická problematika nejednoznačnosti nominácií ruských obchodných postov a sémantika slova "komerce" v Rusku v 18. storo...

Description complète

Enregistré dans:
Détails bibliographiques
Auteur principal: Mrověcová, Ljuba
Format: Chapitre de livre
Langue:tchèque
Sujets:
Tags: Ajouter un tag
Pas de tags, Soyez le premier à ajouter un tag!

MARC

LEADER 00000naa a2200000 4500
001 r048425
005 20230929124550.7
041 0 |a cze 
044 |a CZ 
245 1 0 |a Specifika podnikatelské činnosti v Rusku exkurz do dějin podnikatelství v Rusku  |c Ljuba Mrověcová 
520 |a Druhá časť historického exkurzu do dejín podnikania v Rusku. Vývoj podnikania, predovšetkým obchodu, od doby vlády cára Petra I (1690-1725) do konca 18. storočia. Historicko-lingvistická problematika nejednoznačnosti nominácií ruských obchodných postov a sémantika slova "komerce" v Rusku v 18. storočí. 
610 2 0 |a podnikanie 
610 2 0 |a história 
610 2 0 |a Rusko 
610 2 0 |a obchodníci 
610 2 0 |a obchod 
610 2 0 |a trh 
610 2 0 |a podnikatelia 
100 1 |a Mrověcová, Ljuba